General Report : Metal Trades Committee

Uloženo v:
Podrobná bibliografie
Korporativní autor: International Labour Organisation Programme of Industrial Activities
Médium: Kniha
Jazyk:Undetermined
Vydáno: Geneva International Labour Office 1977
Témata:
Tagy: Přidat tag
Žádné tagy, Buďte první, kdo otaguje tento záznam!
Thư viện lưu trữ: Trung tâm Học liệu Trường Đại học Cần Thơ
LEADER 00649nam a2200193Ia 4500
001 CTU_85907
008 210402s9999 xx 000 0 und d
082 |a 331.7 
082 |b I.61 
110 |a International Labour Organisation Programme of Industrial Activities 
245 0 |a General Report : 
245 0 |b Metal Trades Committee 
245 0 |c International Labour Organisation Programme of Industrial Activities 
260 |a Geneva 
260 |b International Labour Office 
260 |c 1977 
650 |a Agricultural,Laborers congresses,Plantions congresses 
904 |i Năm 
980 |a Trung tâm Học liệu Trường Đại học Cần Thơ